书目信息 |
| 题名: |
穴位按摩健康疗法
|
|
| 作者: | 雷子 | |
| 分册: | ||
| 出版信息: | 北京 延边大学出版社 2005 |
|
| 页数: | 148 | |
| 开本: | 20cm | |
| 丛书名: | ||
| 单 册: | ||
| 中图分类: | R245.9 | |
| 科图分类: | ||
| 主题词: | 中医学:临床医学 | |
| 电子资源: | ||
| ISBN: | 7-5634-2129-7 | |
| 000 | 00500nam0 2200181 450 | |
| 001 | 0736480453 | |
| 005 | 20070817100800.46 | |
| 010 | @a7-5634-2129-7@d¥18.00 | |
| 100 | @a20070817d km y0chiy0120 ea | |
| 101 | 0 | @achi |
| 200 | 1 | @a穴位按摩健康疗法@Axue wei an mo jian kang liao fa@f雷子@Flei zi |
| 210 | @a北京@c延边大学出版社@d2005 | |
| 215 | @a148@d20cm | |
| 606 | 0 | @a中医学:临床医学 |
| 690 | @aR245.9@v3 | |
| 701 | 0 | @a雷子@Alei zi |
| 801 | 0 | @aCN@bPFT@c20070817 |
| 905 | @a213230@dR245.9@et7@f1 | |
| 穴位按摩健康疗法/雷子.-北京:延边大学出版社,2005 |
| 148;20cm |
| ISBN 7-5634-2129-7:¥18.00 |
| ● |
| 相关链接 |
|
|
|
|
正题名:穴位按摩健康疗法
索取号:R245.9/t7
 
预约/预借
| 序号 | 登录号 | 条形码 | 馆藏地/架位号 | 状态 | 备注 |
| 1 | 6903477 | 269034779 | 密集书库-体育系/ [索取号:R245.9/t7] | 在馆 | |
| 2 | 6903478 | 269034788 | 体育系资料室/ [索取号:R245.9/t7] | 在馆 |